লোডিং...

Membranes: structure and function.

গ্রন্থ-পঞ্জীর বিবরন
প্রধান লেখক: Vilanueva,J R (ed.)
সংস্থা লেখক: Symposium on Membranes: Structure and Function, Madrid
অন্যান্য লেখক: Villanueva, Julio R., Ponz, F.
বিন্যাস: Printed Book
ভাষা:English
প্রকাশিত: London, New York, Academic Press, 1970.
সংস্করন:[U.S. ed.]
মালা:FEBS symposium, v. 20.
বিষয়গুলি:
LEADER 00961cam a2200241 4500
005 20160323130458.0
008 710211s1970 enka b 101 0 eng
082 0 0 |a 574.8/75 
100 |a Vilanueva,J R /  |e ed.  |9 13170 
245 1 0 |a Membranes: structure and function.  |c Edited by J. R. Villanueva [and] F. Ponz. 
250 |a [U.S. ed.] 
300 |a viii, 153 p.  |b illus.  |c 24 cm. 
490 1 |a FEBS symposium, v. 20. 
653 |a Cell membranes--Congresses 
700 1 |a Villanueva, Julio R.  |9 13168 
700 1 |a Ponz, F.,  |9 13169 
942 |c BK  |6 _ 
260 |a London,  |a New York,  |b Academic Press,  |c 1970. 
020 |a 127221506 
111 2 |a Symposium on Membranes: Structure and Function,  |c Madrid,  |d 1969.  |9 5254 
810 2 |a Federation of European Biochemical Societies.  |t FEBS symposium,  |v v. 20  |9 5257 
999 |c 158620  |d 158620 
952 |0 0  |1 0  |2 ddc  |3 Voume 20  |4 0  |6 574875VIL20_  |7 0  |9 207580  |a DAC  |b DAC  |c GEN  |d 2010-07-30  |o 574.8/75VIL.20  |p CHE256  |r 2010-07-30  |w 2010-07-30  |y BK